000 00666nam a2200289Ia 4500
005 20260324135850.0
008 008 260324s9999 xx 000 0 eng d
020 _a9780429484841
037 _aEBOOK
040 _aCRL
040 _beng
040 _cCRL
041 _2eng
041 _aeng
084 _qCRL
100 _aChris Oakley
_91181596
245 0 _aWhat Is A Group?
245 2 _bA New Look at Theory in Practice
260 _bTaylor and Francis
260 _c1999
365 _a
365 _b165
856 _uhttp://www.taylorfrancis.com/books/9780429484841
942 _cEBOOK
999 _c1803724
_d1803724